[Event "Mercredi 2023.09.05 ABCD"]
[Site "Montreal CAN"]
[Date "2023.09.06"]
[Round "1"]
[White "Bain-Thouverez, Aurelien"]
[Black "Chasles, Jean-Benoit"]
[Result "1-0"]
[WhiteElo "1892"]
[BlackElo "1818"]
[PlyCount "45"]
[EventDate "2023.09.06"]
[EventType "tourn"]
[EventRounds "5"]
[EventCountry "CAN"]

1. Nf3 d5 2. g3 g6 3. Bg2 Bg7 4. O-O e5 5. c4 d4 6. d3 Ne7 7. Bd2 O-O 8. b4 f5
9. Qc1 Re8 10. Bh6 Bf6 11. Bg5 Bg7 12. e3 dxe3 13. fxe3 e4 14. dxe4 Bxa1 15.
Rd1 Nd7 16. Nc3 Bxc3 17. Qxc3 Rf8 18. Bh6 Rf7 19. e5 Qe8 20. e6 Nc6 21. Ng5 Re7
22. exd7 Rxe3 23. Bd5+ 1-0

[Event "Mercredi 2023.09.05 ABCD"]
[Site "Montreal CAN"]
[Date "2023.09.06"]
[Round "1"]
[White "Cardin, Guillaume"]
[Black "Deboosere, Adam"]
[Result "1-0"]
[WhiteElo "2088"]
[BlackElo "2016"]
[PlyCount "175"]
[EventDate "2023.09.06"]
[EventType "tourn"]
[EventRounds "5"]
[EventCountry "CAN"]

1. d4 Nf6 2. c4 e6 3. Nf3 b6 4. g3 Bb7 5. Bg2 Be7 6. O-O O-O 7. Nc3 Ne4 8. Bd2
Nxd2 9. Qxd2 d6 10. e4 Nd7 11. Rfe1 a6 12. Rad1 c5 13. d5 e5 14. g4 Bc8 15. Kh1
Re8 16. h3 Nf8 17. Rb1 a5 18. b3 Ng6 19. Ne2 Ra7 20. a3 Ba6 21. Qc3 Qd7 22. Rb2
Rc8 23. a4 Rf8 24. Rbb1 Bc8 25. Rg1 Bd8 26. Qe3 Qe7 27. Rbf1 Kh8 28. Ne1 Qh4
29. Qg3 Bg5 30. Qxh4 Nxh4 31. Nf3 Nxf3 32. Bxf3 g6 33. Nc3 Kg7 34. Nb5 Rd7 35.
h4 Bxh4 36. g5 Rdd8 37. Bg4 Bb7 38. Bh3 h6 39. gxh6+ Kxh6 40. f4 Bf6 41. f5 g5
42. Bg4 Kg7 43. Kg2 Rh8 44. Rh1 Rh4 45. Kf3 Be7 46. Kg3 Rdh8 47. Rxh4 gxh4+ 48.
Kh3 Rd8 49. Rg1 Bg5 50. Bh5 f6 51. Be2 Kf7 52. Bh5+ Ke7 53. Rg2 Bc8 54. Rg4 Bd7
55. Rg2 Rh8 56. Be2 Be8 57. Bd1 Rh7 58. Be2 Bf4 59. Bd1 Bg3 60. Be2 Rg7 61. Nc7
Bd7 62. Bf3 Rg8 63. Be2 Rc8 64. Nb5 Rd8 65. Bh5 Be8 66. Bxe8 Kxe8 67. Nc7+ Kf7
68. Nb5 Kg7 69. Nc7 Rd7 70. Ne6+ Kh6 71. Nf8 Rg7 72. Ng6 Rxg6 73. fxg6 Kxg6 74.
Kg4 Be1 75. Rg1 Bf2 76. Rf1 Bg3 77. Rf5 Kh6 78. Rh5+ Kg6 79. Rh8 Kg7 80. Rd8
f5+ 81. exf5 e4 82. Re8 Be5 83. Rxe5 dxe5 84. Kxh4 e3 85. Kg3 e4 86. Kg2 Kf7
87. Kf1 Kf6 88. d6 1-0

[Event "Mercredi 2023.09.05 ABCD"]
[Site "Montreal CAN"]
[Date "2023.09.06"]
[Round "1"]
[White "Cote, Etienne"]
[Black "Jia, Zhe"]
[Result "1-0"]
[WhiteElo "1817"]
[BlackElo "1863"]
[PlyCount "81"]
[EventDate "2023.09.06"]
[EventType "tourn"]
[EventRounds "5"]
[EventCountry "CAN"]

1. e4 c5 2. Nf3 Nc6 3. Bb5 d6 4. Bxc6+ bxc6 5. h3 e5 6. O-O Be7 7. d3 f5 8. Be3
Nf6 9. exf5 Bxf5 10. Nbd2 Qc7 11. Nh4 Be6 12. Bg5 O-O 13. f4 exf4 14. Qe1 Qd7
15. Bxf4 Nd5 16. Bg3 Rxf1+ 17. Kxf1 Rf8+ 18. Kg1 Bf6 19. c3 Bxh4 20. Bxh4 Nf4
21. Qe3 Bd5 22. Ne4 Ng6 23. Bg3 Bxe4 24. dxe4 Qe6 25. Qd3 Ne5 26. Qa6 Qf7 27.
Rf1 Qxf1+ 28. Qxf1 Rxf1+ 29. Kxf1 c4 30. Bxe5 dxe5 31. Ke2 Kf7 32. b3 cxb3 33.
axb3 Ke6 34. Kd3 Kd7 35. Kc4 Kd6 36. Kb4 h6 37. h4 h5 38. g3 g6 39. Kc4 a5 40.
b4 axb4 41. Kxb4 1-0

[Event "Mercredi 2023.09.05 ABCD"]
[Site "Montreal CAN"]
[Date "2023.09.06"]
[Round "1"]
[White "Di Matteo, Alessio"]
[Black "Have, Didier"]
[Result "1-0"]
[WhiteElo "2017"]
[BlackElo "2056"]
[PlyCount "72"]
[EventDate "2023.09.06"]
[EventType "tourn"]
[EventRounds "5"]
[EventCountry "CAN"]

1. d4 Nf6 2. c4 c5 3. d5 e5 4. Nc3 d6 5. e4 Nbd7 6. g3 g6 7. Bg2 Bg7 8. Nge2
O-O 9. O-O a6 10. h3 Qe8 11. a4 Nh5 12. Kh2 f5 13. f4 exf4 14. gxf4 Ndf6 15.
exf5 Bxf5 16. Re1 Qd7 17. Bd2 Rae8 18. Qb3 Re7 19. Ng1 Rfe8 20. Nf3 Ne4 21.
Nxe4 Rxe4 22. Ne5 R4xe5 23. fxe5 Rxe5 24. Bc3 Rxe1 25. Rxe1 Bh6 26. Qb6 Bf4+
27. Kg1 Bg3 28. Re6 Nf4 29. Re3 Bh4 30. Qa7 Nxg2 31. Kxg2 Bxh3+ 32. Kh1 Bf5 33.
Qb8+ Kf7 34. Qh8 Be4+ 35. Kh2 g5 36. Qg7+ Ke8 1-0

[Event "Mercredi 2023.09.05 ABCD"]
[Site "Montreal CAN"]
[Date "2023.09.06"]
[Round "1"]
[White "Gadbois, Patrick"]
[Black "Singher, Jean-Pierre"]
[Result "1-0"]
[WhiteElo "1896"]
[BlackElo "1980"]
[PlyCount "45"]
[EventDate "2023.09.06"]
[EventType "tourn"]
[EventRounds "5"]
[EventCountry "CAN"]

1. d4 d5 2. Nf3 c6 3. e3 Nf6 4. Bd3 Bg4 5. Nbd2 Nbd7 6. c4 e6 7. Qc2 Bh5 8. b3
a5 9. a3 Bg6 10. Bb2 Bd6 11. O-O Bxd3 12. Qxd3 O-O 13. Ne5 Bxe5 14. dxe5 Nc5
15. Qc2 Nfe4 16. Nxe4 dxe4 17. b4 Nd3 18. Bc3 a4 19. f3 Qg5 20. Qe2 exf3 21.
Rxf3 Nxe5 22. Rg3 Qf5 23. e4 1-0

[Event "Mercredi 2023.09.05 ABCD"]
[Site "Montreal CAN"]
[Date "2023.10.10"]
[Round "1"]
[White "Genzling, Jerome"]
[Black "Chapdelaine, Gwyn"]
[Result "1-0"]
[WhiteElo "2070"]
[BlackElo "2088"]
[PlyCount "87"]
[EventDate "2023.09.06"]
[EventType "tourn"]
[EventRounds "5"]
[EventCountry "CAN"]

1. e4 c6 2. Nf3 d5 3. Nc3 dxe4 4. Nxe4 Nf6 5. Qe2 Nxe4 6. Qxe4 Nd7 7. Bc4 Nf6
8. Ne5 e6 9. Qe2 Bc5 10. c3 a5 11. d4 Be7 12. O-O O-O 13. Bg5 Nd5 14. Bxe7 Qxe7
15. Rae1 a4 16. a3 Qc7 17. Qe4 g6 18. f4 b5 19. Ba2 Bb7 20. Nd3 Nb6 21. Ne5 Nd7
22. Nxd7 Qxd7 23. Qe5 Rac8 24. Qc5 Ba6 25. Rf3 Rfd8 26. Rh3 Qd6 27. Qg5 Qf8 28.
Re5 Qg7 29. f5 exf5 30. Re7 Rf8 31. Rhe3 c5 32. dxc5 h6 33. Qg3 Rc6 34. Bd5 f4
35. Qxf4 Rf6 36. Qb4 Rf5 37. Bf3 Qf6 38. Qd4 Qg5 39. Re8 Rf6 40. h4 Qf5 41. Qd8
Qxc5 42. Rxf8+ Qxf8 43. Qxf6 Qc5 44. Qd4 1-0

[Event "Mercredi 2023.09.05 ABCD"]
[Site "Montreal CAN"]
[Date "2023.09.06"]
[Round "1"]
[White "Landry, Sylvain"]
[Black "Rauch, Frank"]
[Result "0-1"]
[WhiteElo "1893"]
[BlackElo "1894"]
[PlyCount "54"]
[EventDate "2023.09.06"]
[EventType "tourn"]
[EventRounds "5"]
[EventCountry "CAN"]

1. e4 c5 2. Nf3 d6 3. d4 cxd4 4. Nxd4 Nf6 5. Nc3 a6 6. h3 e5 7. Nf3 Be7 8. g4
Be6 9. g5 Nfd7 10. h4 O-O 11. h5 f5 12. exf5 Bxf5 13. Qd5+ Kh8 14. Nh4 Bxc2 15.
Ng6+ Bxg6 16. hxg6 h6 17. gxh6 Nf6 18. hxg7+ Kxg7 19. Bh6+ Kxg6 20. Bd3+ e4 21.
Nxe4 Nxd5 22. Ng5+ Kf6 23. Rh3 Nf4 24. Rf3 Qa5+ 25. Kf1 Qxg5 26. Bxg5+ Kxg5 27.
Rg3+ Kf6 0-1

[Event "Mercredi 2023.09.05 ABCD"]
[Site "Montreal CAN"]
[Date "2023.09.06"]
[Round "1"]
[White "Lin, Leo"]
[Black "Batorshyn, Ilia	"]
[Result "1-0"]
[WhiteElo "2100"]
[BlackElo "2211"]
[PlyCount "121"]
[EventDate "2023.09.06"]
[EventType "tourn"]
[EventRounds "5"]
[EventCountry "CAN"]

1. e4 c6 2. Nf3 d5 3. exd5 cxd5 4. d4 Nc6 5. Ne5 a6 6. c4 e6 7. Nxc6 bxc6 8.
Nc3 Nf6 9. Be2 Be7 10. O-O O-O 11. c5 Nd7 12. f4 f6 13. b4 Rb8 14. Rb1 e5 15.
Be3 exd4 16. Bxd4 Re8 17. Qd2 f5 18. a4 a5 19. b5 Bb7 20. Bh5 g6 21. Qf2 Bf6
22. Bf3 Bxd4 23. Qxd4 Qf6 24. Ne2 Qe7 25. Rfc1 Nf6 26. Nc3 Kf8 27. Rb2 Rbd8 28.
bxc6 Bxc6 29. Rb6 Rc8 30. Rcb1 Qe3+ 31. Qxe3 Rxe3 32. Nb5 Nd7 33. Na7 Nxb6 34.
cxb6 Ree8 35. Nxc8 Rxc8 36. Rc1 Ke7 37. Bxd5 Kd6 38. Bxc6 Rxc6 39. Rb1 Rc8 40.
Kf2 Kc6 41. b7 Rb8 42. Ke3 Rxb7 43. Rxb7 Kxb7 44. Kd4 Kc6 45. Kc4 h6 46. h4 h5
47. g3 Kd6 48. Kb5 Kd5 49. Kxa5 Ke4 50. Kb4 Kf3 51. a5 Kxg3 52. a6 Kxh4 53. a7
Kg4 54. a8=Q Kxf4 55. Qg2 g5 56. Qh2+ Kg4 57. Kc3 h4 58. Kd3 h3 59. Ke3 f4+ 60.
Kf2 Kh4 61. Kf3 1-0

[Event "Mercredi 2023.09.05 ABCD"]
[Site "Montreal CAN"]
[Date "2023.09.06"]
[Round "1"]
[White "Pomerantz, Daniel"]
[Black "Kapush, Alex"]
[Result "1/2-1/2"]
[WhiteElo "2150"]
[BlackElo "2194"]
[PlyCount "91"]
[EventDate "2023.09.06"]
[EventType "tourn"]
[EventRounds "5"]
[EventCountry "CAN"]

1. e4 c5 2. Nf3 d6 3. Bb5+ Bd7 4. Bxd7+ Qxd7 5. c4 Nf6 6. Nc3 Nc6 7. d4 cxd4 8.
Nxd4 g6 9. f3 Bg7 10. Be3 O-O 11. O-O a6 12. Qd3 Rfc8 13. b3 Rab8 14. Nxc6 bxc6
15. Rad1 Qb7 16. c5 Qb4 17. Na4 d5 18. e5 Nd7 19. f4 Qb5 20. Qd2 e6 21. Qf2 Rf8
22. Bd4 Qa5 23. Rde1 Rfe8 24. Qh4 Qd8 25. Qh3 Rb5 26. g4 f6 27. Nc3 Rb4 28.
exf6 Bxf6 29. Bxf6 Qxf6 30. f5 Nxc5 31. fxg6 Qxg6 32. Kh1 Nd3 33. Re3 Nf4 34.
Qh4 e5 35. Na4 Re4 36. Ref3 Re2 37. Nc5 Qg7 38. a4 a5 39. g5 Rc2 40. Nd3 Nxd3
41. Rxd3 e4 42. Rg3 Rf8 43. Rf6 Rc1+ 44. Kg2 Rc2+ 45. Kh1 Rc1+ 46. Kg2 1/2-1/2

[Event "Mercredi 2023.09.05 ABCD"]
[Site "Montreal CAN"]
[Date "2023.09.06"]
[Round "1"]
[White "Voskanyan, Vahagn"]
[Black "Latorre, Vincent"]
[Result "1-0"]
[WhiteElo "2127"]
[BlackElo "2197"]
[PlyCount "151"]
[EventDate "2023.09.06"]
[EventType "tourn"]
[EventRounds "5"]
[EventCountry "CAN"]

1. c4 e5 2. Nc3 Bb4 3. g3 Bxc3 4. dxc3 d6 5. Bg2 a5 6. b4 Nf6 7. h3 O-O 8. Be3
Nc6 9. a3 Ne7 10. Bg5 Ne8 11. c5 f6 12. cxd6 cxd6 13. Be3 Qc7 14. Qb3+ Kh8 15.
Rc1 Bd7 16. b5 Rd8 17. c4 Nf5 18. Nf3 Be6 19. O-O Nxe3 20. Qxe3 Qf7 21. Nd2 d5
22. cxd5 Bxd5 23. Ne4 Nd6 24. Nxd6 Rxd6 25. Qc5 Rdd8 26. Rfd1 Bxg2 27. Kxg2 h6
28. Qb6 Rxd1 29. Rxd1 Qc4 30. Qxb7 Qxe2 31. Qd5 e4 32. Rd2 Qf3+ 33. Kg1 Rc8 34.
Rd1 Rc2 35. Rf1 Qd3 36. Qf5 Rb2 37. a4 Rb4 38. Rc1 Rb1 39. Rxb1 Qxb1+ 40. Kg2
Qb4 41. Qc8+ Kh7 42. Qc2 Kg8 43. g4 Kh7 44. f3 f5 45. gxf5 e3 46. f6+ Kg8 47.
Kg3 Qe1+ 48. Kf4 Qh4+ 49. Kxe3 Qxf6 50. Qc4+ Kh8 51. Qd4 Qe6+ 52. Qe4 Qb3+ 53.
Kf2 Qb2+ 54. Kg3 Qd2 55. h4 Qd6+ 56. Qf4 Qg6+ 57. Kh3 Qb1 58. Qe4 Qf1+ 59. Kg4
Qg1+ 60. Kf5 Qc5+ 61. Qe5 Qc2+ 62. Qe4 Qc5+ 63. Ke6 Kg8 64. Qd5 Qc7 65. Qd6
Qf7+ 66. Ke5 Qh5+ 67. Ke4 Qxh4+ 68. f4 Qe1+ 69. Kd5 Qd1+ 70. Kc5 Qxa4 71. b6
Qc2+ 72. Kb5 a4 73. b7 Qb3+ 74. Ka6 Qc4+ 75. Ka7 Qf7 76. Ka8 1-0

[Event "Mercredi 2023.09.05 ABCD"]
[Site "Montreal CAN"]
[Date "2023.09.20"]
[Round "2"]
[White "Beaudry, Marc-Andre"]
[Black "Gadbois, Patrick"]
[Result "1/2-1/2"]
[WhiteElo "1975"]
[BlackElo "1896"]
[PlyCount "70"]
[EventDate "2023.09.06"]
[EventType "tourn"]
[EventRounds "5"]
[EventCountry "CAN"]

1. e4 e6 2. d4 d5 3. e5 c5 4. c3 Nc6 5. Nf3 Qb6 6. a3 c4 7. Nbd2 f6 8. Be2 fxe5
9. Nxe5 Nf6 10. f4 Bd6 11. Bh5+ g6 12. Bf3 O-O 13. Qe2 Bxe5 14. fxe5 Ne8 15.
Nf1 Ng7 16. Bh6 Bd7 17. Ne3 Rf7 18. Ng4 Nf5 19. Bg5 Raf8 20. Nf6+ Kg7 21. g4
Nfxd4 22. cxd4 Nxd4 23. Qf2 Nxf3+ 24. Qxf3 Qxb2 25. O-O Qxe5 26. Bh6+ Kxh6 27.
Qh3+ Kg5 28. Nxh7+ Rxh7 29. Qxh7 Qe3+ 30. Kg2 Qe2+ 31. Kg1 Qxg4+ 32. Kh1 Qe4+
33. Kg1 Qg4+ 34. Kh1 Qe4+ 35. Kg1 Qg4+ 1/2-1/2

[Event "Mercredi 2023.09.05 ABCD"]
[Site "Montreal CAN"]
[Date "2023.09.20"]
[Round "2"]
[White "Chapdelaine, Gwyn"]
[Black "Cardin, Guillaume"]
[Result "1-0"]
[WhiteElo "2088"]
[BlackElo "2088"]
[PlyCount "57"]
[EventDate "2023.09.06"]
[EventType "tourn"]
[EventRounds "5"]
[EventCountry "CAN"]

1. e4 e5 2. Nf3 Nc6 3. Bc4 Bc5 4. c3 Nf6 5. d4 exd4 6. cxd4 Bb4+ 7. Nbd2 Nxe4
8. d5 Ne7 9. O-O Nxd2 10. Bxd2 Bxd2 11. Qxd2 d6 12. Rfe1 O-O 13. Rac1 Bd7 14.
Rc3 Re8 15. Bb3 Ng6 16. Rec1 Rc8 17. Qd4 a6 18. Qa7 Nf4 19. Bc4 b5 20. Qd4 Ne2+
21. Bxe2 Rxe2 22. Ra3 c5 23. dxc6 Rxc6 24. Rxc6 Bxc6 25. Rxa6 Bxf3 26. gxf3 Re6
27. Qd5 Qd7 28. Ra8+ Re8 29. Qxd6 1-0

[Event "Mercredi 2023.09.05 ABCD"]
[Site "Montreal CAN"]
[Date "2023.09.20"]
[Round "2"]
[White "Di Matteo, Alessio"]
[Black "Genzling, Jerome"]
[Result "1/2-1/2"]
[WhiteElo "2017"]
[BlackElo "2070"]
[PlyCount "146"]
[EventDate "2023.09.06"]
[EventType "tourn"]
[EventRounds "5"]
[EventCountry "CAN"]

1. d4 d5 2. c4 e6 3. Nc3 Nf6 4. Nf3 Be7 5. g3 Nbd7 6. Bg2 O-O 7. O-O Rb8 8. b3
Bb4 9. Qc2 b6 10. Bb2 Bb7 11. Rfd1 Qe7 12. Nb5 a6 13. a3 Bd6 14. Nxd6 cxd6 15.
Nd2 Rfc8 16. Qd3 dxc4 17. bxc4 Bxg2 18. Kxg2 b5 19. Rab1 bxc4 20. Nxc4 Nb6 21.
Na5 Qa7 22. Ba1 Qa8+ 23. f3 d5 24. Rdc1 Rxc1 25. Rxc1 Rc8 26. Rc5 Nfd7 27. Rc2
Rxc2 28. Qxc2 Qc8 29. Nc6 Kf8 30. Qc3 g6 31. Qb4+ Kg7 32. Ne5 Qc2 33. Kf2 Nxe5
34. dxe5 Nd7 35. Bd4 Qc4 36. Qxc4 dxc4 37. Ke3 Nb8 38. Kd2 Nc6 39. Kc3 Kf8 40.
Kxc4 Ke7 41. Bc3 Kd7 42. Kc5 Kc7 43. g4 h5 44. g5 Kb7 45. e4 Kc7 46. h4 a5 47.
Kb5 Kb7 48. f4 Na7+ 49. Kxa5 Kc6 50. Kb4 Nb5 51. Bb2 Nc7 52. Bd4 Na6+ 53. Kb3
Kb5 54. a4+ Kc6 55. Kc4 Nb8 56. a5 Na6 57. Bb6 Nb8 58. Kb4 Na6+ 59. Ka4 Nb8 60.
Be3 Na6 61. Ba7 Nc7 62. Kb3 Kb5 63. Bb6 Na6 64. Kc3 Nb8 65. Kd3 Na6 66. Kd4 Nb8
67. Bc7 Nc6+ 68. Kc3 Nb4 69. Bb8 Nc6 70. Bc7 Nb4 71. Bd8 Nc6 72. Bb6 Nb8 73. f5
Na6 1/2-1/2

[Event "Mercredi 2023.09.05 ABCD"]
[Site "Montreal CAN"]
[Date "2023.09.20"]
[Round "2"]
[White "Have, Didier"]
[Black "Deboosere, Adam"]
[Result "0-1"]
[WhiteElo "2056"]
[BlackElo "2016"]
[PlyCount "122"]
[EventDate "2023.09.06"]
[EventType "tourn"]
[EventRounds "5"]
[EventCountry "CAN"]

1. e4 c6 2. d4 d5 3. exd5 cxd5 4. Bd3 Nc6 5. c3 Nf6 6. Bf4 g6 7. Nf3 Bf5 8. O-O
Bxd3 9. Qxd3 Bg7 10. Nbd2 O-O 11. Rfe1 Nh5 12. Bg5 h6 13. Bh4 Qc7 14. Nf1 Rfe8
15. Ne3 Qd7 16. Qd2 Rac8 17. Rad1 Nf6 18. Ne5 Qd6 19. N3g4 Nxg4 20. Nxg4 Kh7
21. Bg3 Qd7 22. Ne5 Bxe5 23. Bxe5 Na5 24. Qf4 Qf5 25. Qxf5 gxf5 26. Re2 Nc4 27.
Rde1 Rc6 28. Bf4 e6 29. Bc1 Rg8 30. f3 b5 31. Kf2 Rb8 32. h3 h5 33. g4 hxg4 34.
hxg4 fxg4 35. Bf4 Rg8 36. b3 Nb6 37. Be5 Rg6 38. fxg4 Rxc3 39. Rh1+ Rh6 40.
Ree1 Rxh1 41. Rxh1+ Kg6 42. Rh8 f6 43. Bd6 Rc2+ 44. Kf3 Rxa2 45. Rg8+ Kf7 46.
Rf8+ Kg7 47. Re8 Rb2 48. Rxe6 Rxb3+ 49. Kf4 Nc4 50. Bc5 a5 51. g5 fxg5+ 52.
Kxg5 Rf3 53. Re7+ Rf7 54. Re6 Rc7 55. Rg6+ Kf7 56. Rh6 Ke8 57. Kf5 Kd7 58. Rh8
b4 59. Rb8 Rc8 60. Rb7+ Kc6 61. Ra7 b3 0-1

[Event "Mercredi 2023.09.05 ABCD"]
[Site "Montreal CAN"]
[Date "2023.09.20"]
[Round "2"]
[White "Jia, Zhe"]
[Black "Bain-Thouverez, Aurelien"]
[Result "1-0"]
[WhiteElo "1863"]
[BlackElo "1892"]
[PlyCount "107"]
[EventDate "2023.09.06"]
[EventType "tourn"]
[EventRounds "5"]
[EventCountry "CAN"]

1. e4 Nf6 2. e5 Nd5 3. d4 d6 4. Nf3 Bg4 5. Be2 e6 6. c4 Nb6 7. Nbd2 Nc6 8. O-O
dxe5 9. dxe5 Bb4 10. a3 Bxd2 11. Nxd2 Bxe2 12. Qxe2 Qd4 13. Re1 O-O 14. Rb1
Rad8 15. b3 Qd3 16. Qxd3 Rxd3 17. Nf3 Na5 18. Nd2 Rfd8 19. Rb2 h6 20. f3 Nc6
21. Kf2 Nd7 22. f4 Nc5 23. Re3 R3d4 24. Kg3 Nd3 25. Nf3 R4d7 26. Rb1 Na5 27.
Bd2 Nc6 28. Bc3 Nc5 29. Rb2 Rd3 30. Rbe2 Nxb3 31. Rxd3 Rxd3 32. Rb2 Nca5 33.
Rc2 c5 34. Bb2 Nc6 35. Rc3 Rxc3 36. Bxc3 Nbd4 37. Bxd4 Nxd4 38. Nxd4 cxd4 39.
Kf3 Kf8 40. Ke4 Ke7 41. Kxd4 Kd7 42. Kc5 Kc7 43. a4 a6 44. a5 g6 45. h3 h5 46.
h4 Kc8 47. Kb6 Kb8 48. c5 Ka8 49. c6 Kb8 50. cxb7 g5 51. fxg5 f5 52. g6 f4 53.
g7 f3 54. g8=Q# 1-0

[Event "Mercredi 2023.09.05 ABCD"]
[Site "Montreal CAN"]
[Date "2023.09.20"]
[Round "2"]
[White "Kapush, Alex"]
[Black "Batorshyn, Ilia	"]
[Result "1-0"]
[WhiteElo "2194"]
[BlackElo "2211"]
[PlyCount "109"]
[EventDate "2023.09.06"]
[EventType "tourn"]
[EventRounds "5"]
[EventCountry "CAN"]

1. e4 c5 2. Nf3 e6 3. c3 Nf6 4. Bd3 Nc6 5. Bc2 Be7 6. O-O d6 7. Re1 O-O 8. d4
e5 9. h3 Qc7 10. d5 Nd8 11. c4 Ne8 12. Nc3 a6 13. a4 g6 14. Bh6 Ng7 15. Qd2 f6
16. a5 Nf7 17. Na4 Nxh6 18. Nb6 Rb8 19. Qxh6 g5 20. Ra3 Rf7 21. h4 Qd8 22. hxg5
fxg5 23. Nd2 Rf6 24. Qh2 g4 25. Nf1 Rg6 26. Ne3 g3 27. fxg3 Bg5 28. Kf2 Qf6+
29. Ke2 Bxe3 30. Rxe3 Bg4+ 31. Kd3 Nh5 32. Bd1 Bxd1 33. Rxd1 Qg5 34. Rh1 Rh6
35. Qg1 Rg6 36. Qd1 Nxg3 37. Rh3 Qf4 38. Qf3 Nf1 39. Qxf4 exf4 40. Ref3 Ne3 41.
g3 fxg3 42. Rfxg3 Ng2 43. Rxg6+ hxg6 44. Rg3 Nf4+ 45. Ke3 Rf8 46. Rg4 g5 47.
Rxg5+ Kh7 48. Rf5 Ng2+ 49. Kd3 Re8 50. e5 dxe5 51. Ke4 Kg6 52. Rxe5 Rh8 53. d6
Rh4+ 54. Kf3 Nf4 55. d7 1-0

[Event "Mercredi 2023.09.05 ABCD"]
[Site "Montreal CAN"]
[Date "2023.09.20"]
[Round "2"]
[White "Landry, Sylvain"]
[Black "Avarian, Sevag"]
[Result "0-1"]
[WhiteElo "1893"]
[BlackElo "1973"]
[PlyCount "118"]
[EventDate "2023.09.06"]
[EventType "tourn"]
[EventRounds "5"]
[EventCountry "CAN"]

1. e4 c5 2. Nf3 Nc6 3. d4 cxd4 4. Nxd4 g6 5. c4 Nf6 6. Nc3 Nxd4 7. Qxd4 d6 8.
Be2 Bg7 9. O-O O-O 10. Qd3 Nd7 11. Be3 Nc5 12. Qc2 Bxc3 13. Qxc3 Nxe4 14. Qd4
Nf6 15. Rfd1 Qa5 16. Bh6 Rd8 17. c5 Be6 18. cxd6 Rxd6 19. Qf4 Rxd1+ 20. Rxd1
Rd8 21. Rc1 Ne8 22. Qh4 f6 23. a3 Qe5 24. Bc4 Bxc4 25. Qxc4+ Qd5 26. Qxd5+ Rxd5
27. Be3 a6 28. Kf1 e5 29. Rc8 Kf7 30. Ke2 h5 31. h4 Nd6 32. Rc7+ Ke6 33. Rg7
Kf5 34. f3 Rb5 35. b4 Nc4 36. Bc1 a5 37. bxa5 Rb1 38. Be3 Nxe3 39. Kxe3 Rb3+
40. Kf2 Rxa3 41. Rxb7 Rxa5 42. Rb4 Rd5 43. Ke3 Rd1 44. Kf2 Rd4 45. Rb6 Rxh4 46.
Ke3 Rd4 47. Ra6 h4 48. Ra8 Rb4 49. Kf2 Rb2+ 50. Kg1 Kf4 51. Ra4+ Kg5 52. Rg4+
Kh5 53. Kh2 f5 54. Ra4 Rd2 55. Ra5 Re2 56. Ra4 e4 57. Kh3 Kg5 58. g3 hxg3 59.
Kxg3 Re3 0-1

[Event "Mercredi 2023.09.05 ABCD"]
[Site "Montreal CAN"]
[Date "2023.09.20"]
[Round "2"]
[White "Latorre, Vincent"]
[Black "Lin, Leo"]
[Result "0-1"]
[WhiteElo "2197"]
[BlackElo "2100"]
[PlyCount "98"]
[EventDate "2023.09.06"]
[EventType "tourn"]
[EventRounds "5"]
[EventCountry "CAN"]

1. e4 d6 2. d4 Nf6 3. Nc3 e5 4. Nf3 exd4 5. Nxd4 Be7 6. Be2 O-O 7. O-O Re8 8.
f4 Bf8 9. Bf3 c5 10. Nb3 Nc6 11. Be3 Bf5 12. exf5 Rxe3 13. Qd2 Re8 14. Rad1 c4
15. Nd4 d5 16. Kh1 Bc5 17. Nce2 Qb6 18. c3 Rad8 19. b4 Bxd4 20. Nxd4 Nxd4 21.
Qxd4 Ne4 22. Bxe4 Qxd4 23. Rxd4 Rxe4 24. Rfd1 Rxd4 25. Rxd4 Kf8 26. g4 Ke7 27.
Kg2 Kd6 28. Kf3 a5 29. b5 a4 30. h4 Ra8 31. h5 Ra5 32. h6 gxh6 33. Rd2 Rxb5 34.
Rh2 a3 35. Rxh6+ Ke7 36. Rxh7 Rb3 37. g5 Rxc3+ 38. Kg4 Rc1 39. g6 Rg1+ 40. Kf3
d4 41. Rxf7+ Ke8 42. Rc7 d3 43. Ke3 Rg3+ 44. Kd2 Rg2+ 45. Kc3 b5 46. g7 Kd8 47.
Rb7 Kc8 48. Re7 b4+ 49. Kxb4 d2 0-1

[Event "Mercredi 2023.09.05 ABCD"]
[Site "Montreal CAN"]
[Date "2023.09.20"]
[Round "2"]
[White "Pomerantz, Daniel"]
[Black "Voskanyan, Vahagn"]
[Result "1-0"]
[WhiteElo "2150"]
[BlackElo "2127"]
[PlyCount "125"]
[EventDate "2023.09.06"]
[EventType "tourn"]
[EventRounds "5"]
[EventCountry "CAN"]

1. e4 c6 2. d4 d5 3. exd5 cxd5 4. Bd3 g6 5. Nf3 Nc6 6. c3 Nh6 7. O-O Bg7 8. Re1
O-O 9. Bf4 Bf5 10. Bf1 Ng4 11. h3 Nf6 12. Nbd2 Ne4 13. g4 Nxd2 14. Qxd2 Bd7 15.
Ne5 Nxe5 16. Bxe5 Re8 17. Bxg7 Kxg7 18. Re5 Bc6 19. Rae1 h6 20. f4 e6 21. Qf2
Qd6 22. Bd3 f6 23. R5e3 g5 24. fxg5 hxg5 25. Rf1 Qe7 26. Rf3 Rf8 27. h4 e5 28.
hxg5 fxg5 29. Rxf8 Rxf8 30. Qxf8+ Qxf8 31. Rxf8 Kxf8 32. dxe5 Ke7 33. Bf5 b6
34. Kf2 Bb5 35. Ke3 Bf1 36. Bd3 Bg2 37. Be2 Ke6 38. Kd4 Ke7 39. Ba6 Bf3 40. Bc8
Kd8 41. Bf5 Ke7 42. a3 Bg2 43. b4 Bf3 44. Bc8 Kd8 45. Be6 Ke7 46. Bxd5 Bxg4 47.
c4 Bd1 48. Ke3 Bb3 49. Kd4 g4 50. Be4 g3 51. c5 bxc5+ 52. bxc5 Bc2 53. Bd5 Bb3
54. Bg2 Kd7 55. c6+ Kc7 56. Ke3 Ba4 57. Kf4 Bxc6 58. Bxc6 Kxc6 59. Kxg3 Kd5 60.
Kf4 Ke6 61. Ke4 a5 62. a4 Ke7 63. Kd5 1-0

[Event "Mercredi 2023.09.05 ABCD"]
[Site "Montreal CAN"]
[Date "2023.09.20"]
[Round "2"]
[White "Rauch, Frank"]
[Black "Singher, Jean-Pierre"]
[Result "0-1"]
[WhiteElo "1894"]
[BlackElo "1980"]
[PlyCount "138"]
[EventDate "2023.09.06"]
[EventType "tourn"]
[EventRounds "5"]
[EventCountry "CAN"]

1. d4 d5 2. c4 c6 3. Nc3 Nf6 4. Nf3 a6 5. e3 Bf5 6. Bd3 e6 7. c5 Bxd3 8. Qxd3
Nbd7 9. O-O Be7 10. Bd2 e5 11. dxe5 Nxc5 12. Qf5 Qd7 13. Qc2 Nfe4 14. b4 Nxd2
15. Qxd2 Ne6 16. Rab1 f6 17. Rfd1 Rd8 18. Ne2 fxe5 19. Nxe5 Qc7 20. Nf3 O-O 21.
Ned4 Qd6 22. Qd3 g6 23. a3 Bf6 24. Nxe6 Qxe6 25. Nd4 Bxd4 26. Qxd4 Qf5 27. Rb2
Rde8 28. Rbd2 Re4 29. Qd3 Qe5 30. Qb3 Rf7 31. Qb2 Qxb2 32. Rxb2 Rc4 33. Rbd2 b5
34. Kf1 a5 35. Rd4 axb4 36. axb4 Ra7 37. e4 Ra1 38. exd5 Rxd4 39. Rxa1 cxd5 40.
Rb1 Kf7 41. Ke2 Ke6 42. Ke3 Ke5 43. g3 g5 44. f3 Rc4 45. Kd3 Kf5 46. h3 h5 47.
Rb2 h4 48. gxh4 Rxh4 49. Rh2 Rxb4 50. Kc3 Rc4+ 51. Kd3 Kf4 52. Rg2 Kf5 53. Rb2
b4 54. Ke3 Rc3+ 55. Kd4 Rxf3 56. Kxd5 Rxh3 57. Rxb4 Rd3+ 58. Kc4 Rd7 59. Rb8 g4
60. Rf8+ Ke4 61. Re8+ Kf3 62. Rf8+ Kg2 63. Rg8 g3 64. Rf8 Kh2 65. Rh8+ Kg1 66.
Rg8 g2 67. Rf8 Rg7 68. Kd3 Kh2 69. Rh8+ Kg3 0-1

[Event "Mercredi 2023.09.05 ABCD"]
[Site "Montreal CAN"]
[Date "2023.09.20"]
[Round "2"]
[White "Templonueva, Mark Geryl"]
[Black "Cote, Etienne"]
[Result "1-0"]
[WhiteElo "1841"]
[BlackElo "1817"]
[PlyCount "63"]
[EventDate "2023.09.06"]
[EventType "tourn"]
[EventRounds "5"]
[EventCountry "CAN"]

1. d4 Nf6 2. c4 g6 3. Nc3 Bg7 4. e4 O-O 5. Nf3 d6 6. Be2 e5 7. Be3 exd4 8. Nxd4
Re8 9. f3 c6 10. Qd2 Nbd7 11. Nc2 Ne5 12. Rd1 Be6 13. b3 Qa5 14. O-O Rad8 15.
h3 Nh5 16. Bg5 Nxc4 17. bxc4 Bxc3 18. Bxd8 Rxd8 19. Qd3 Nf4 20. Qe3 Qg5 21. g4
Be5 22. Rf2 Nxh3+ 23. Kf1 Bf4 24. Qxa7 Be3 25. Qxe3 Nf4 26. Rh2 Ra8 27. a3 Ra4
28. Rxd6 Bxc4 29. Bxc4 Rxc4 30. e5 Qe7 31. Rd4 Nd5 32. Qh6 1-0

[Event "Mercredi 2023.09.05 ABCD"]
[Site "Montreal CAN"]
[Date "2023.09.20"]
[Round "2"]
[White "Wang, Rachel"]
[Black "Chasles, Jean-Benoit"]
[Result "0-1"]
[WhiteElo "1877"]
[BlackElo "1818"]
[PlyCount "102"]
[EventDate "2023.09.06"]
[EventType "tourn"]
[EventRounds "5"]
[EventCountry "CAN"]

1. d4 Nf6 2. c4 e6 3. Nf3 d5 4. Bg5 Nbd7 5. e3 h6 6. Bh4 Be7 7. Nc3 Ne4 8. Bxe7
Qxe7 9. cxd5 Nxc3 10. bxc3 exd5 11. Qb3 c6 12. Bd3 O-O 13. O-O b6 14. Rfe1 Bb7
15. e4 dxe4 16. Bxe4 Qd6 17. c4 Rfb8 18. Rad1 Qf6 19. Re3 c5 20. Bxb7 Rxb7 21.
d5 a6 22. Rde1 Kf8 23. Qb1 g6 24. Qe4 b5 25. Nh4 Kg7 26. Rf3 Qd4 27. Rxf7+ Kxf7
28. Qxg6+ Kf8 29. Qd6+ Kg8 30. Qe6+ Kf8 31. Qxh6+ Qg7 32. Ng6+ Kg8 33. Ne7+ Kf8
34. Qd6 Qf6 35. Ng6+ Kf7 36. Re7+ Kxg6 37. Qg3+ Qg5 38. Qd3+ Kf6 39. Re6+ Kg7
40. f4 Qxf4 41. Qg6+ Kf8 42. Re1 Nf6 43. g3 Qd4+ 44. Kg2 Rg7 45. Qf5 Re8 46.
Rxe8+ Kxe8 47. Qc8+ Kf7 48. Qe6+ Kg6 49. Qxa6 Re7 50. Qxb5 Re2+ 51. Kh3 Qg4#
0-1